German Words Translated Literally - Statistics

General Stats
  • This quiz has been taken 928 times
  • The average score is 10 of 19
Answer Stats
Hint Answer % Correct
Hand-Shoe Glove
90%
Sea-dog Seal
79%
Ink-Fish Squid
78%
Earth-Apple Potato
69%
Lazy-Animal Sloth
67%
Flight-Stuff Airplane
60%
Shield-Toad Turtle
60%
Nile-Horse Hippopotamus
59%
Nose-Horn Rhinoceros
58%
Flutter-Mouse Bat
53%
Shine-Thrower Headlamp
48%
Wash-Bear Raccoon
43%
Little Oak Cat Squirrel
43%
Glow-Pear Lightbulb
35%
Little Sea Pig Guinea Pig
28%
Beak-Animal Platypus
27%
Wait-Snake Queue
25%
Whale-Horse Walrus
22%
Wire-Donkey Bicycle
15%
No matching quizzes found
Score Distribution
Percent of People with Each Score
Percentile by Number Answered
Your Score History
You have not taken this quiz